Classement du Ballon d'or 2014 - Statistiques

Statistiques générales
  • Ce quiz a été pris 357 fois
  • Le résultat moyen est 19 sur 23
Statistiques - réponses
Classement Joueur Club du joueur Nationalité % Correct
1 Cristiano Ronaldo Real Madrid Portugal
100%
2 Lionel Messi FC Barcelone Argentine
100%
7 Neymar Jr FC Barcelone Brésil
96%
3 Manuel Neuer Bayern Munich Allemagne
95%
4 Arjen Robben Bayern Munich Pays-Bas
94%
12 Gareth Bale Real Madrid Pays de Galles
94%
5 Thomas Muller Bayern Munich Allemagne
94%
13 Zlatan Ibrahimovic Paris Saint-Germain Suède
93%
8 James Rodriguez AS Monaco / Real Madrid Colombie
92%
16 Karim Benzema Real Madrid France
91%
9 Toni Kroos Bayern Munich / Real Madrid Allemagne
90%
21 Eden Hazard Chelsea FC Belgique
88%
14 Yaya Touré Manchester City Cote d'ivoire
88%
22 Paul Pogba Juventus FC France
87%
17 Andrés Iniesta FC Barcelone Espagne
86%
10 Angel Di Maria Real Madrid / Manchester United Argentine
84%
23 Sergio Ramos Real Madrid Espagne
79%
6 Philipp Lahm Bayern Munich Allemagne
78%
20 Thibaut Courtois Atlético Madrid / Chelsea FC Belgique
78%
19 Javier Mascherano FC Barcelone Argentine
71%
11 Diego Costa Atlético Madrid / Chelsea FC Espagne
59%
18 Bastian Schweinsteiger Bayern Munich Allemagne
55%
15 Mario Gotze Bayern Munich Allemagne
48%
Aucun quiz correspondant
Distribution des résultats
% des personnes avec chaque résultat
Percentile par nombre de réponses
Votre historique - résultats
Vous n’avez pas pris ce quiz